[Event "SLO-chT1 West"]
[Site "Slovenia"]
[Date "2018.10.28"]
[Round "9.2"]
[White "Hrenic, Misa"]
[Black "Plaskan, Jure"]
[Result "0-1"]
[WhiteElo "2043"]
[BlackElo "2224"]
[PlyCount "94"]
[EventDate "2018.09.28"]
[EventType "team-tourn"]
[EventRounds "9"]
[EventCountry "SLO"]
[SourceTitle "CBM 187 Extra"]
[Source "ChessBase"]
[SourceDate "2018.11.04"]
[SourceVersion "1"]
[SourceVersionDate "2018.11.04"]
[SourceQuality "1"]
[WhiteTeam "Jeenice Sij Acroni"]
[BlackTeam "Domzale Tajfun"]
[WhiteTeamCountry "SLO"]
[BlackTeamCountry "SLO"]

1. e4 c5 2. Nf3 d6 3. d4 Nf6 4. Nc3 cxd4 5. Nxd4 a6 6. Bc4 e6 7. a3 Be7 8. Ba2 0-0 9. 0-0 Nc6 10. Kh1 Bd7 11. f4 Qc7 12. Nde2 b5 13. Ng3 b4 14. axb4 Nxb4 15. Bb3 d5 16. e5 Ne8 17. Nce2 f5 18. exf6 Nxf6 19. c3 Nc6 20. f5 Kh8 21. Nf4 exf5 22. Ngh5 Ne4 23. Nxd5 Qa7 24. Nxe7 Nxe7 25. Qe2 Bb5 26. c4 Be8 27. Nf4 Bf7 28. Be3 Qb7 29. Ba2 Nc6 30. Nd5 Bg8 31. Rad1 Rae8 32. Bb1 Qb3 33. Qc2 Qb7 34. Qa4 Re6 35. Bc1 a5 36. Qa3 Rf7 37. Qh3 Ne7 38. Nxe7 Qxe7 39. c5 f4 40. Bxe4 Rxe4 41. Qf3 Rc4 42. Qa8 Rf8 43. Qxa5 f3 44. gxf3 Rxf3 45. Rg1 Rf2 46. Qa8 Qe2 47. Rxg7 Rxh2+ 0-1

[Event "SLO-chT1 West"]
[Site "Slovenia"]
[Date "2018.10.27"]
[Round "8.3"]
[White "Hrenic, Misa"]
[Black "Hiti, Domen"]
[Result "0-1"]
[WhiteElo "2043"]
[BlackElo "2237"]
[PlyCount "106"]
[EventDate "2018.09.28"]
[EventType "team-tourn"]
[EventRounds "9"]
[EventCountry "SLO"]
[SourceTitle "CBM 187 Extra"]
[Source "ChessBase"]
[SourceDate "2018.11.04"]
[SourceVersion "1"]
[SourceVersionDate "2018.11.04"]
[SourceQuality "1"]
[WhiteTeam "Jeenice Sij Acroni"]
[BlackTeam "Ig"]
[WhiteTeamCountry "SLO"]
[BlackTeamCountry "SLO"]

1. e4 e6 2. d4 d5 3. Nc3 Bb4 4. e5 c5 5. Bd2 Ne7 6. Nb5 Bxd2+ 7. Qxd2 0-0 8. f4 cxd4 9. Nf3 Nbc6 10. Nbxd4 Nxd4 11. Nxd4 Qb6 12. 0-0-0 Nc6 13. h4 Bd7 14. Kb1 Rac8 15. Nf3 Rc7 16. c3 Na5 17. Rh3 Bb5 18. Bxb5 Qxb5 19. Nd4 Qc4 20. Qd3 a6 21. Qxc4 Rxc4 22. f5 Re8 23. fxe6 fxe6 24. Rf3 h5 25. Kc2 b5 26. Kd3 Nb7 27. Ke2 Nd8 28. Rdf1 b4 29. b3 Rxc3 30. Rxc3 bxc3 31. Kd3 Nf7 32. Nf3 Kh7 33. Rc1 Kg6 34. Rxc3 Kf5 35. Kd4 Re7 36. Rc6 Rb7 37. Rxa6 Rb4+ 38. Kc3 Rg4 39. b4 Rxg2 40. Nd4+ Ke4 41. Nxe6 Rg3+ 42. Kc2 Nxe5 43. b5 Rg2+ 44. Kd1 Nc4 45. Nc5+ Kd4 46. Nb3+ Kd3 47. Nc5+ Kd4 48. Nb3+ Kc3 49. b6 d4 50. b7 d3 51. Ke1 Ne3 52. Rc6+ Kb2 53. Rc2+ Nxc2+ 0-1

[Event "SLO-chT1 West"]
[Site "Slovenia"]
[Date "2018.09.30"]
[Round "3.4"]
[White "Hrenic, Misa"]
[Black "Brcar, Ales"]
[Result "0-1"]
[WhiteElo "2043"]
[BlackElo "2132"]
[PlyCount "60"]
[EventDate "2018.09.28"]
[EventType "team-tourn"]
[EventRounds "9"]
[EventCountry "SLO"]
[SourceTitle "CBM 187 Extra"]
[Source "ChessBase"]
[SourceDate "2018.11.04"]
[SourceVersion "1"]
[SourceVersionDate "2018.11.04"]
[SourceQuality "1"]
[WhiteTeam "Jeenice Sij Acroni"]
[BlackTeam "Trebnje BMP"]
[WhiteTeamCountry "SLO"]
[BlackTeamCountry "SLO"]

1. e4 d5 2. exd5 Nf6 3. Bb5+ Nbd7 4. c4 a6 5. Bxd7+ Bxd7 6. d4 b5 7. b3 e6 8. dxe6 Bxe6 9. cxb5 Bb4+ 10. Kf1 axb5 11. Ne2 Nd5 12. Bb2 Qf6 13. Kg1 0-0 14. h3 Rfe8 15. Nbc3 Qg6 16. Nxb5 Bf5 17. Kh2 Bc2 18. Nf4 Nxf4 19. Qf3 Be4 20. Qg3 Qxg3+ 21. fxg3 Nd5 22. Rhc1 Re7 23. a3 Bd2 24. Rc5 Rae8 25. Rd1 Ba5 26. Nd6 cxd6 27. Rxa5 Bxg2 28. Rd2 Bf3 29. g4 g5 30. a4 Re2+ 0-1

[Event "SLO-chT1 West"]
[Site "Slovenia"]
[Date "2018.09.28"]
[Round "1.3"]
[White "Hrenic, Misa"]
[Black "Truta, Srecko"]
[Result "0-1"]
[WhiteElo "2043"]
[BlackElo "2149"]
[PlyCount "80"]
[EventDate "2018.09.28"]
[EventType "team-tourn"]
[EventRounds "9"]
[EventCountry "SLO"]
[SourceTitle "CBM 187 Extra"]
[Source "ChessBase"]
[SourceDate "2018.11.04"]
[SourceVersion "1"]
[SourceVersionDate "2018.11.04"]
[SourceQuality "1"]
[WhiteTeam "Jeenice Sij Acroni"]
[BlackTeam "Gorenjka Lesce"]
[WhiteTeamCountry "SLO"]
[BlackTeamCountry "SLO"]

1. e4 c5 2. Nf3 Nc6 3. d4 cxd4 4. Nxd4 Qc7 5. Nc3 e6 6. g3 a6 7. Bg2 d6 8. 0-0 Bd7 9. Re1 Be7 10. Nxc6 bxc6 11. Bf4 e5 12. Be3 Nf6 13. h3 0-0 14. b3 Ne8 15. Na4 Rb8 16. Qe2 a5 17. Rad1 f5 18. exf5 Bxf5 19. c4 Nf6 20. g4 Bg6 21. Bg5 h6 22. Bh4 Rbe8 23. Bg3 Nd7 24. Qd2 Rf7 25. Re2 Rd8 26. Qb2 Bf6 27. Red2 Nf8 28. Qa3 Rfd7 29. Nc3 Bg5 30. Rb2 Ne6 31. Ne4 Be7 32. Qa4 Nf4 33. Bxf4 exf4 34. Rbd2 d5 35. Nc3 Bb4 36. Nxd5 cxd5 37. Bxd5+ Kh8 38. Re2 Re7 39. Rxe7 Bxe7 40. Re1 Be8 0-1

[Event "SLO-chT2 West"]
[Site "Ljubljana"]
[Date "2012.10.21"]
[Round "5.6"]
[White "Hrenic, Misa"]
[Black "Varga, Ivan"]
[Result "1-0"]
[WhiteElo "2057"]
[BlackElo "1512"]
[PlyCount "95"]
[EventDate "2012.10.19"]
[EventType "team-tourn"]
[EventRounds "9"]
[EventCountry "SLO"]
[SourceTitle "EXT 2022"]
[Source "ChessBase"]
[SourceDate "2021.10.06"]
[SourceVersion "1"]
[SourceVersionDate "2021.10.06"]
[SourceQuality "1"]
[WhiteTeam "Jesenice"]
[BlackTeam "Trzin Buscotrade"]
[WhiteTeamCountry "SLO"]
[BlackTeamCountry "SLO"]

1. e4 e5 2. Nf3 Nc6 3. d4 exd4 4. Nxd4 d5 5. Bb5 Bd7 6. exd5 Nxd4 7. Bxd7+ Qxd7 8. Qxd4 Nf6 9. c4 b6 10. 0-0 Bd6 11. Re1+ Kf8 12. h3 Re8 13. Be3 Be5 14. Qd2 h6 15. Nc3 a6 16. Rad1 Qd6 17. Bd4 Bf4 18. Qd3 Rxe1+ 19. Rxe1 h5 20. Ne4 Qd8 21. Qc3 Ne8 22. Qf3 Bd6 23. c5 bxc5 24. Nxc5 Kg8 25. Nxa6 Rh6 26. Nc5 Nf6 27. Nb7 Qd7 28. Nxd6 Qxd6 29. Bxf6 gxf6 30. a3 Rg6 31. Re8+ Kg7 32. Qxh5 Rh6 33. Qg4+ Rg6 34. Qh4 Rh6 35. Qg3+ Qxg3 36. fxg3 f5 37. Re7 Rd6 38. Rxc7 Rxd5 39. Rc1 Kf6 40. a4 Kg5 41. Ra1 f4 42. gxf4+ Kxf4 43. a5 Rd7 44. a6 Ra7 45. b4 Ke5 46. b5 Kd6 47. b6 Rd7 48. a7 1-0

[Event "SLO-chT2 West"]
[Site "Ljubljana"]
[Date "2012.10.19"]
[Round "1.5"]
[White "Bedic, Slavko"]
[Black "Hrenic, Misa"]
[Result "0-1"]
[WhiteElo "2000"]
[BlackElo "2057"]
[PlyCount "112"]
[EventDate "2012.10.19"]
[EventType "team-tourn"]
[EventRounds "9"]
[EventCountry "SLO"]
[SourceTitle "EXT 2022"]
[Source "ChessBase"]
[SourceDate "2021.10.06"]
[SourceVersion "1"]
[SourceVersionDate "2021.10.06"]
[SourceQuality "1"]
[WhiteTeam "Stari Trg ob Kolpi"]
[BlackTeam "Jesenice"]
[WhiteTeamCountry "SLO"]
[BlackTeamCountry "SLO"]

1. c4 e5 2. Nc3 Bb4 3. g3 Bxc3 4. bxc3 Nc6 5. Bg2 f5 6. Ba3 d6 7. Qb3 Nge7 8. Nf3 Rb8 9. d4 e4 10. Nd2 b6 11. 0-0 Na5 12. Qc2 c5 13. e3 Ba6 14. dxc5 dxc5 15. Rfd1 Qc7 16. f3 exf3 17. Bxf3 0-0 18. Be2 Qe5 19. Kf2 Qe6 20. Qa4 Rbc8 21. Nf3 Nec6 22. Rd5 Rce8 23. Bc1 Rd8 24. Bd2 Bxc4 25. Rxd8 Rxd8 26. Rd1 Bxe2 27. Kxe2 Nc4 28. Bc1 Rxd1 29. Qxd1 Nd6 30. Ng5 Qc4+ 31. Ke1 Ne4 32. Nxe4 Qxe4 33. Qd6 h6 34. Bd2 Kh7 35. Kd1 Ne5 36. Kc1 Nc4 37. Qd7 Nxe3 38. Bxe3 Qxe3+ 39. Kb2 Qe2+ 40. Kb3 c4+ 41. Kb4 Qb2+ 42. Kxc4 Qxa2+ 43. Kb5 Qa5+ 44. Kc4 Qc5+ 45. Kb3 a6 46. Qe6 a5 47. Ka4 b5+ 48. Kb3 a4+ 49. Kb2 Qf2+ 50. Kb1 a3 51. Qb3 Qb2+ 52. Qxb2 axb2 53. Kxb2 g5 54. Kb3 f4 55. Kc2 f3 56. Kd2 g4 0-1

[Event "Sentjur Ipavec Memorial 13th"]
[Site "Sentjur"]
[Date "2012.09.19"]
[Round "1"]
[White "Krcmar, Aleksander"]
[Black "Hrenic, Misa"]
[Result "1-0"]
[WhiteElo "1472"]
[BlackElo "2049"]
[PlyCount "99"]
[EventDate "2012.09.19"]
[EventType "swiss"]
[EventRounds "9"]
[EventCountry "SLO"]
[SourceTitle "EXT 2015"]
[Source "ChessBase"]
[SourceDate "2014.11.20"]
[SourceVersion "1"]
[SourceVersionDate "2014.11.20"]
[SourceQuality "1"]

1. e4 e5 2. Nf3 Nc6 3. Bc4 Nf6 4. d3 h6 5. 0-0 d6 6. Be3 g6 7. Nbd2 Bg7 8. d4 Ng4 9. c3 0-0 10. Qe2 Kh7 11. Rad1 Qe7 12. b4 Nxe3 13. fxe3 Nd8 14. Bb3 exd4 15. exd4 c5 16. bxc5 dxc5 17. Nc4 b5 18. Ne3 c4 19. Nd5 Qd6 20. Bc2 Bb7 21. Nd2 Rc8 22. Nf4 Qa6 23. Bb1 b4 24. Rf3 bxc3 25. Nf1 Qb6 26. Qc2 Nc6 27. Nd5 Bxd4+ 28. Kh1 Qc5 29. Nf6+ Bxf6 30. Rxf6 Ne5 31. h3 Nd3 32. Ng3 Qe5 33. Rf3 Bxe4 34. Nxe4 Qxe4 35. Rdf1 Kg8 36. Qa4 Qe7 37. Qa6 Nb4 38. Qa4 c2 39. Bxc2 Nxc2 40. Qxc2 Rc7 41. Rc1 Rfc8 42. Qd2 h5 43. Re1 Qd7 44. Qc3 Qd5 45. Rfe3 Qd7 46. Qf6 Rc6 47. Qg5 Rc5 48. Qf6 Rf5 49. Qc3 Qd5 50. Re8+ 1-0

[Event "Graz op-A 19th"]
[Site "Graz"]
[Date "2012.09.01"]
[Round "8"]
[White "Brem, Stephan"]
[Black "Hrenic, Misa"]
[Result "0-1"]
[WhiteElo "2131"]
[BlackElo "2087"]
[PlyCount "88"]
[EventDate "2012.08.25"]
[EventType "swiss"]
[EventRounds "9"]
[EventCountry "AUT"]
[SourceTitle "CBM 150 Extra"]
[Source "ChessBase"]
[SourceDate "2012.10.19"]
[SourceVersion "1"]
[SourceVersionDate "2012.10.19"]
[SourceQuality "1"]

1. f4 d5 2. Nf3 g6 3. e3 Bg7 4. d3 Nf6 5. Be2 c5 6. 0-0 0-0 7. Nc3 d4 8. Ne4 Qb6 9. Nxf6+ exf6 10. e4 Nc6 11. b3 f5 12. exf5 Bxf5 13. Nh4 Ne7 14. Bf3 Rae8 15. g4 Bd7 16. Bd2 f5 17. g5 Bc6 18. Bxc6 Nxc6 19. Qf3 Qd8 20. Rae1 Qd7 21. a4 b6 22. Ng2 a6 23. Kf2 b5 24. axb5 axb5 25. Ra1 c4 26. bxc4 bxc4 27. dxc4 d3 28. Qxd3 Qxd3 29. cxd3 Bxa1 30. Rxa1 Ra8 31. Bc3 Rxa1 32. Bxa1 Ra8 33. Bf6 Ra2+ 34. Kf3 Rd2 35. Ne1 Rxh2 36. Ke3 Kf7 37. d4 Ra2 38. d5 Ra3+ 39. Kd2 Na5 40. Bc3 Nxc4+ 41. Kd3 Nb6 42. Kd4 Nxd5 43. Bb2 Rb3 44. Nd3 Nxf4 0-1

[Event "Graz op-A 19th"]
[Site "Graz"]
[Date "2012.08.30"]
[Round "6"]
[White "Toefferl, Heimo"]
[Black "Hrenic, Misa"]
[Result "0-1"]
[WhiteElo "2152"]
[BlackElo "2087"]
[PlyCount "104"]
[EventDate "2012.08.25"]
[EventType "swiss"]
[EventRounds "9"]
[EventCountry "AUT"]
[SourceTitle "CBM 150 Extra"]
[Source "ChessBase"]
[SourceDate "2012.10.19"]
[SourceVersion "1"]
[SourceVersionDate "2012.10.19"]
[SourceQuality "1"]

1. d4 Nf6 2. c4 e6 3. Nc3 Bb4 4. f3 0-0 5. e4 d5 6. e5 Nfd7 7. cxd5 exd5 8. a3 Ba5 9. b4 Bb6 10. Be3 Nxe5 11. Bf2 Ng6 12. h4 Nc6 13. g3 Re8+ 14. Be2 Nf8 15. Kf1 Ne6 16. Bb5 Bd7 17. Bxc6 Bxc6 18. Nge2 Qd6 19. Qd2 Bd7 20. g4 c6 21. f4 Rad8 22. Bg3 Nf8 23. f5 Qe7 24. Kf2 Bc8 25. Qf4 Qf6 26. Rad1 Re7 27. Rhf1 Bc7 28. Qf3 Bxg3+ 29. Kxg3 Rde8 30. Rd3 Qd6+ 31. Kg2 f6 32. Rf2 Nd7 33. Ng3 Nb6 34. g5 Nc4 35. Nd1 Kh8 36. Qg4 b6 37. Re2 Rxe2+ 38. Nxe2 Bxf5 39. Qxf5 Rxe2+ 40. Kf3 Re8 41. Ne3 fxg5 42. Qxg5 h6 43. Qg4 Qf6+ 44. Ke2 Qe6 45. Qf4 Nxe3 46. Rxe3 Qxe3+ 47. Qxe3 Rxe3+ 48. Kxe3 g5 49. Kf3 Kg7 50. Kg4 Kf6 51. h5 a6 52. a4 Ke6 0-1

[Event "Graz op-A 19th"]
[Site "Graz"]
[Date "2012.08.26"]
[Round "2"]
[White "Neubauer, Anton"]
[Black "Hrenic, Misa"]
[Result "1-0"]
[WhiteElo "1909"]
[BlackElo "2087"]
[PlyCount "62"]
[EventDate "2012.08.25"]
[EventType "swiss"]
[EventRounds "9"]
[EventCountry "AUT"]
[SourceTitle "CBM 150 Extra"]
[Source "ChessBase"]
[SourceDate "2012.10.19"]
[SourceVersion "1"]
[SourceVersionDate "2012.10.19"]
[SourceQuality "1"]

1. d4 Nf6 2. Nf3 e6 3. e3 b6 4. Bd3 Bb7 5. 0-0 c5 6. c4 Be7 7. Nc3 cxd4 8. exd4 h6 9. a3 d5 10. cxd5 Nxd5 11. Re1 0-0 12. Ne5 Nf6 13. Be3 Re8 14. Rc1 Bf8 15. f3 a6 16. Qe2 Nbd7 17. Rc2 b5 18. Rec1 Nb6 19. Ne4 Nxe4 20. fxe4 Bd6 21. Nf3 Rc8 22. Rxc8 Bxc8 23. e5 Bf8 24. Bd2 Nd5 25. Qe1 Bb7 26. Qg3 Kh8 27. h4 Ne7 28. h5 Bxf3 29. Qxf3 Qxd4+ 30. Kh1 Rd8 31. Rc3 Nf5 1-0

[Event "Graz op-A 19th"]
[Site "Graz"]
[Date "2012.08.25"]
[Round "1"]
[White "Hrenic, Misa"]
[Black "Schreiner, Peter"]
[Result "0-1"]
[WhiteElo "2087"]
[BlackElo "2444"]
[PlyCount "78"]
[EventDate "2012.08.25"]
[EventType "swiss"]
[EventRounds "9"]
[EventCountry "AUT"]
[SourceTitle "CBM 150 Extra"]
[Source "ChessBase"]
[SourceDate "2012.10.19"]
[SourceVersion "1"]
[SourceVersionDate "2012.10.19"]
[SourceQuality "1"]

1. e4 e5 2. Nf3 Nc6 3. d4 exd4 4. Nxd4 Nf6 5. Nxc6 bxc6 6. e5 Qe7 7. Qe2 Nd5 8. c4 Nb6 9. b3 a5 10. f4 a4 11. Ba3 d6 12. Nd2 Qe6 13. exd6 cxd6 14. Bb2 d5 15. 0-0-0 axb3 16. axb3 Ba3 17. g3 0-0 18. Qxe6 Bxe6 19. Bd3 Rfb8 20. Bxa3 Rxa3 21. Kb2 Ra7 22. Ra1 Rab7 23. Kc3 dxc4 24. Bxc4 Nxc4 25. bxc4 Bf5 26. Ra5 g6 27. Re1 Rb2 28. Ne4 Rxh2 29. Nd6 Be6 30. Ra6 c5 31. Ne4 Rb4 32. Nd2 Rg2 33. Re3 Rg1 34. Kd3 Bf5+ 35. Ke2 Rg2+ 36. Ke1 Rb2 37. Rd6 h5 38. Re5 Bg4 39. Re3 Rc2 0-1

[Event "Nova Gorica op-A 17th"]
[Site "Nova Gorica"]
[Date "2012.01.29"]
[Round "5"]
[White "Hrenic, Misa"]
[Black "Markoja, Sebastijan"]
[Result "0-1"]
[WhiteElo "2077"]
[BlackElo "1963"]
[PlyCount "63"]
[EventDate "2012.01.27"]
[EventType "swiss"]
[EventRounds "9"]
[EventCountry "SLO"]
[SourceTitle "CBM 146 Extra"]
[Source "ChessBase"]
[SourceDate "2012.02.29"]
[SourceVersion "1"]
[SourceVersionDate "2012.02.29"]
[SourceQuality "1"]

1. e4 c5 2. Nf3 d6 3. d4 cxd4 4. Nxd4 Nf6 5. Nc3 a6 6. Be3 e5 7. Nb3 Be6 8. f3 Nbd7 9. g4 Nb6 10. g5 Nh5 11. Qd2 Rc8 12. 0-0-0 Be7 13. Kb1 0-0 14. Rg1 Qc7 15. Qf2 Nc4 16. Bxc4 Bxc4 17. Bb6 Qb8 18. Na5 Be6 19. Ne2 f5 20. Qh4 g6 21. f4 fxe4 22. fxe5 d5 23. Nb3 Qxe5 24. Bd4 Qc7 25. Bc3 Bd6 26. Nbd4 Bf7 27. Ng3 Ng7 28. Rdf1 Be5 29. Nge2 Be6 30. Rf6 Bf5 31. Rf1 Qe7 32. Nxf5 0-1

[Event "Sentjur Ipavec Memorial-A 12th"]
[Site "Sentjur"]
[Date "2011.09.20"]
[Round "8"]
[White "Kersic, Matej"]
[Black "Hrenic, Misa"]
[Result "1/2-1/2"]
[WhiteElo "2139"]
[BlackElo "2054"]
[PlyCount "49"]
[EventDate "2011.09.14"]
[EventType "swiss"]
[EventRounds "9"]
[EventCountry "SLO"]
[SourceTitle "CBM 144 Extra"]
[Source "ChessBase"]
[SourceDate "2011.10.28"]
[SourceVersion "1"]
[SourceVersionDate "2011.10.28"]
[SourceQuality "1"]

1. e4 e5 2. Nf3 Nc6 3. Bc4 Nf6 4. d3 h6 5. h3 d6 6. c3 g6 7. b4 Bg7 8. 0-0 0-0 9. Qb3 Qe7 10. Be3 Kh7 11. Nbd2 Nd7 12. d4 f5 13. exf5 gxf5 14. dxe5 dxe5 15. Qc2 Kh8 16. Nb3 e4 17. Nfd4 Nce5 18. Be6 Nb6 19. Nc5 Bxe6 20. Ncxe6 Rg8 21. Nxg7 Qxg7 22. g3 Qg6 23. Bf4 Nd3 24. Ne2 Nd5 25. Qd2 1/2-1/2

[Event "Sentjur Ipavec Memorial-A 12th"]
[Site "Sentjur"]
[Date "2011.09.17"]
[Round "5"]
[White "Hrenic, Misa"]
[Black "Unuk, Laura"]
[Result "1-0"]
[WhiteElo "2054"]
[BlackElo "1720"]
[PlyCount "69"]
[EventDate "2011.09.14"]
[EventType "swiss"]
[EventRounds "9"]
[EventCountry "SLO"]
[SourceTitle "CBM 144 Extra"]
[Source "ChessBase"]
[SourceDate "2011.10.28"]
[SourceVersion "1"]
[SourceVersionDate "2011.10.28"]
[SourceQuality "1"]

1. e4 d5 2. exd5 Nf6 3. Nf3 Qxd5 4. Nc3 Qd6 5. d4 c6 6. g3 Bg4 7. Bg2 e6 8. 0-0 Nbd7 9. h3 Bh5 10. Bf4 Qb4 11. a3 Qb6 12. g4 Bg6 13. Qd2 0-0-0 14. b4 h5 15. g5 Nd5 16. Nxd5 exd5 17. Rfb1 Qb5 18. a4 Qc4 19. Rb2 Bxb4 20. Rxb4 Qxc2 21. Qxc2 Bxc2 22. Rc1 Bd3 23. Ne5 Nxe5 24. Bxe5 Rhg8 25. h4 Bf5 26. a5 a6 27. Rc3 Rd7 28. Rxc6+ Kd8 29. Rd6 Rxd6 30. Bxd6 Re8 31. Be5 Re7 32. Bxd5 Rd7 33. Bxb7 Bd3 34. Bc6 Ra7 35. Rb8+ 1-0

[Event "Graz op 18th"]
[Site "Graz"]
[Date "2011.09.02"]
[Round "7"]
[White "Hrenic, Misa"]
[Black "Mitkovski, Zarko"]
[Result "0-1"]
[WhiteElo "2044"]
[BlackElo "2151"]
[PlyCount "80"]
[EventDate "2011.08.27"]
[EventType "swiss"]
[EventRounds "9"]
[EventCountry "AUT"]
[SourceTitle "CBM 144 Extra"]
[Source "ChessBase"]
[SourceDate "2011.10.28"]
[SourceVersion "1"]
[SourceVersionDate "2011.10.28"]
[SourceQuality "1"]

1. e4 c5 2. Nf3 a6 3. c4 e6 4. d4 cxd4 5. Nxd4 Nf6 6. f3 Qb6 7. Nc3 Nc6 8. Nb3 Qc7 9. Be3 Bd6 10. g3 0-0 11. Qd2 Be7 12. 0-0-0 Ne5 13. Qe2 b5 14. cxb5 axb5 15. Kb1 b4 16. Nb5 Qb8 17. Bf4 Ba6 18. N3d4 Rc8 19. b3 Bc5 20. Qb2 d6 21. Be2 Ng6 22. g4 Nxf4 23. g5 Ne8 24. Bc4 d5 25. exd5 exd5 26. Bf1 g6 27. h4 Ng7 28. h5 Ngxh5 29. Bh3 Nxh3 30. Rxh3 Bxb5 31. Nf5 gxf5 32. Rxh5 d4 33. Rdh1 Bd3+ 34. Ka1 f4 35. Qh2 Qd6 36. Rxh7 Bxh7 37. Qxh7+ Kf8 38. Re1 Qg6 39. Qh8+ Qg8 40. Qe5 Qg7 0-1

[Event "Graz op 18th"]
[Site "Graz"]
[Date "2011.09.01"]
[Round "6"]
[White "Aschenbrenner, Robert"]
[Black "Hrenic, Misa"]
[Result "1-0"]
[WhiteElo "2270"]
[BlackElo "2044"]
[PlyCount "75"]
[EventDate "2011.08.27"]
[EventType "swiss"]
[EventRounds "9"]
[EventCountry "AUT"]
[SourceTitle "CBM 144 Extra"]
[Source "ChessBase"]
[SourceDate "2011.10.28"]
[SourceVersion "1"]
[SourceVersionDate "2011.10.28"]
[SourceQuality "1"]

1. e4 e5 2. c4 Bc5 3. Nc3 a6 4. d3 d6 5. h3 Ne7 6. Nge2 0-0 7. g4 c6 8. Ng3 Be6 9. Qc2 b5 10. Nf5 Nd7 11. Bg5 f6 12. Bd2 Nb6 13. Nd1 a5 14. Be2 Qd7 15. Nde3 Rfc8 16. 0-0 bxc4 17. dxc4 d5 18. Rad1 d4 19. Ng2 Rd8 20. Bc1 Nec8 21. b3 Nd6 22. Bd3 Nf7 23. f4 Qe8 24. Ng3 exf4 25. Nxf4 Ne5 26. Kh1 Nbd7 27. Be2 Nf8 28. Nfh5 Bf7 29. Bh6 Bxh5 30. Nxh5 d3 31. Rxd3 Nxd3 32. Bxd3 Qd7 33. Be2 Qe7 34. Bxg7 Rd4 35. Bd3 Rad8 36. Bxf6 Rxd3 37. Bxe7 Bxe7 38. Qf2 1-0

[Event "SRB Central-ch op-B 4th"]
[Site "Paracin"]
[Date "2011.07.13"]
[Round "7"]
[White "Tomic, Slobodan"]
[Black "Hrenic, Misa"]
[Result "0-1"]
[WhiteElo "2082"]
[BlackElo "2044"]
[PlyCount "106"]
[EventDate "2011.07.08"]
[EventType "swiss"]
[EventRounds "9"]
[EventCountry "SRB"]
[SourceTitle "CBM 143 Extra"]
[Source "ChessBase"]
[SourceDate "2011.08.29"]
[SourceVersion "1"]
[SourceVersionDate "2011.08.29"]
[SourceQuality "1"]

1. d4 Nf6 2. c4 e6 3. Nf3 b6 4. g3 Ba6 5. Qc2 Bb7 6. Bg2 Bb4+ 7. Bd2 Bxd2+ 8. Nbxd2 0-0 9. 0-0 d6 10. e4 c6 11. e5 Ne8 12. b4 h6 13. a4 Na6 14. b5 Nb4 15. Qb1 c5 16. Rd1 Qc7 17. Ra3 Rd8 18. Nf1 Bxf3 19. Bxf3 dxe5 20. dxe5 Rxd1 21. Qxd1 Qxe5 22. Re3 Qc7 23. Re2 Nd6 24. Ne3 Rd8 25. Rd2 Nb7 26. Rxd8+ Nxd8 27. Kg2 Nb7 28. Bxb7 Qxb7+ 29. f3 Qc7 30. Ng4 f6 31. Qd2 Kf7 32. h4 h5 33. Nf2 Ke7 34. Ne4 Qe5 35. Qe3 Nc2 36. Qd2 Nd4 37. a5 Nb3 38. Qd3 Nxa5 39. Nf2 f5 40. f4 Qd4 41. Qf3 Nxc4 42. Qxh5 Ne3+ 43. Kh2 Nd5 44. Kg2 Ne3+ 45. Kh2 Nd5 46. Kg2 Ne3+ 47. Kf3 Nd5 48. Qh8 Nc3 49. h5 Nxb5 50. Kg2 Nd6 51. Qb8 Nb5 52. Qg8 c4 53. Nh3 Qb2+ 0-1

[Event "SLO-chT1 West"]
[Site "Ljubljana"]
[Date "2010.10.10"]
[Round "6.4"]
[White "Hrenic, Misa"]
[Black "Dezelak, Brane"]
[Result "1/2-1/2"]
[WhiteElo "2043"]
[BlackElo "2053"]
[PlyCount "71"]
[EventDate "2010.09.24"]
[EventType "team-tourn"]
[EventRounds "9"]
[EventCountry "SLO"]
[SourceTitle "CBM 138 Extra"]
[Source "ChessBase"]
[SourceDate "2010.10.29"]
[SourceVersion "1"]
[SourceVersionDate "2010.10.29"]
[SourceQuality "1"]
[WhiteTeam "Jesenice"]
[BlackTeam "Krajn Stari Mayr"]
[WhiteTeamCountry "SLO"]
[BlackTeamCountry "SLO"]

1. e4 c5 2. Nf3 d6 3. d4 cxd4 4. Nxd4 Nf6 5. Nc3 a6 6. Be3 e6 7. g4 b5 8. g5 Nfd7 9. a3 Bb7 10. Bg2 Be7 11. h4 Qc7 12. h5 Ne5 13. Nce2 Nbd7 14. Ng3 Nf8 15. 0-0 Nc4 16. Bc1 Nb6 17. b3 d5 18. exd5 Bxd5 19. Bxd5 Nxd5 20. Ndf5 Qe5 21. Nxe7 Nxe7 22. Qf3 Qd5 23. Ne4 Rd8 24. Bf4 Nf5 25. Rad1 Nd4 26. Qe3 Ke7 27. c4 bxc4 28. bxc4 Qxc4 29. Bd6+ Rxd6 30. Nxd6 Ne2+ 31. Kh2 Qh4+ 32. Kg2 Qg4+ 33. Kh2 Qh4+ 34. Kg2 Qg4+ 35. Kh2 Qh4+ 36. Kg2 1/2-1/2

[Event "Sentjur Ipavec Memorial 11th"]
[Site "Sentjur"]
[Date "2010.09.21"]
[Round "7"]
[White "Hrenic, Misa"]
[Black "Debevec, Blaz"]
[Result "0-1"]
[WhiteElo "2043"]
[BlackElo "2010"]
[PlyCount "70"]
[EventDate "2010.09.17"]
[EventType "swiss"]
[EventRounds "9"]
[EventCountry "SLO"]
[SourceTitle "CBM 138 Extra"]
[Source "ChessBase"]
[SourceDate "2010.10.29"]
[SourceVersion "1"]
[SourceVersionDate "2010.10.29"]
[SourceQuality "1"]

1. e4 Nf6 2. e5 Nd5 3. d4 d6 4. c4 Nb6 5. exd6 cxd6 6. Nc3 g6 7. Be3 Bg7 8. h3 0-0 9. Rc1 e5 10. dxe5 dxe5 11. Qxd8 Rxd8 12. c5 N6d7 13. Nf3 Nc6 14. Bc4 h6 15. Ne4 Na5 16. Be2 Nf6 17. Nd6 Ne8 18. Nxc8 Raxc8 19. 0-0 Nc7 20. Nd2 f5 21. Nc4 Nxc4 22. Bxc4+ Kf8 23. Rfd1 Ke7 24. c6 b6 25. b4 f4 26. Bd2 b5 27. Be2 a6 28. g3 Ne6 29. Bg4 Rd6 30. gxf4 exf4 31. Bxe6 Kxe6 32. c7 g5 33. Re1+ Kd7 34. Bc3 Bxc3 35. Rxc3 Rxc7 0-1

[Event "Sentjur Ipavec Memorial 11th"]
[Site "Sentjur"]
[Date "2010.09.19"]
[Round "5"]
[White "Hrenic, Misa"]
[Black "Gmajner, Ivan"]
[Result "1/2-1/2"]
[WhiteElo "2043"]
[BlackElo "1863"]
[PlyCount "63"]
[EventDate "2010.09.17"]
[EventType "swiss"]
[EventRounds "9"]
[EventCountry "SLO"]
[SourceTitle "CBM 138 Extra"]
[Source "ChessBase"]
[SourceDate "2010.10.29"]
[SourceVersion "1"]
[SourceVersionDate "2010.10.29"]
[SourceQuality "1"]

1. e4 e5 2. Nf3 Nc6 3. Bc4 Nf6 4. d3 h6 5. c3 d6 6. 0-0 g6 7. Re1 Bg7 8. Nbd2 0-0 9. Bb3 Qe7 10. Nf1 Bg4 11. h3 Bxf3 12. Qxf3 Na5 13. Bc2 c5 14. Ne3 Nc6 15. Bd2 Rad8 16. a3 Qc7 17. b4 b6 18. Bb3 Ne7 19. Rad1 Qd7 20. Qg3 Nh5 21. Qf3 Nf6 22. Re2 Kh7 23. Nc4 b5 24. Nb2 a6 25. Be3 Qc7 26. Rc2 Kg8 27. c4 Nd7 28. Rdc1 bxc4 29. Nxc4 Nc6 30. bxc5 Nxc5 31. Nd2 Nd4 32. Bxd4 1/2-1/2